Carles Pi i Sunyer, Conseller de Cultura en temps de guerra / Edició a cura de Mireia Capdevila i Candell ; text de Maria Campillo
ISBN:
978-84-95417-73-2
Descripción Física:
107 p. : il. ; 21 cm
MARC
| LEADER | 00000nam a2200000Ia 4500 | ||
|---|---|---|---|
| 001 | 19195 | ||
| 008 | 160829s2007 xx 000 0 cat d | ||
| 020 | |a 978-84-95417-73-2 | ||
| 080 | |a H-3-14 | ||
| 245 | |a Carles Pi i Sunyer, Conseller de Cultura en temps de guerra / Edició a cura de Mireia Capdevila i Candell ; text de Maria Campillo | ||
| 260 | |a Barcelona : |b Fundació Carles Pi i Sunyer, |c 2007 | ||
| 300 | |a 107 p. : |b il. ; |c 21 cm | ||
| 600 | 1 | 0 | |a Pi i Sunyer, Carles, |d 1888-1971 |9 55456 |
| 651 | 0 | |a Espanya |x Història |y 1936-1939, Guerra Civil |9 55759 | |
| 700 | |a Capdevila i Candell, Mireia, ed. |9 45329 | ||
| 700 | |a Campillo, Maria, ed. |9 45330 | ||
| 901 | |a Arxiu | ||
| 942 | |n 1 | ||
| 952 | |0 0 |1 0 |4 0 |6 H314 |7 1 |9 52509 |a Arxiu |b Arxiu |d 2016-12-01 |l 0 |o H-3-14 |p 19195 |r 2016-12-01 00:00:00 |w 2016-12-01 |y ARXIU | ||
| 999 | |c 56357 |d 56357 | ||